000 00741cam a22002177a 4500
001 2950115
003 ARRUPE
005 20140121115955.0
008 900529s1989 enka 000 0 eng
010 _a 90160567
020 _a0340514361 :
_c£7.95
040 _aDLC
_cDLC
_dDLC
050 0 0 _aMLCM 91/04534 (L)
245 0 0 _aPolicies for the curriculum /
_cedited by Bob Moon, Patricia Murphy, and John Raynor.
260 _aLondon :
_bHodder & Stoughton in association with the Open University,
_c1989.
300 _ax, 306 p. :
_bill. ;
_c24 cm.
700 1 _aMoon, Bob,
_d1945-
_96744
906 _a7
_bcbc
_corignew
_d3
_encip
_f19
_gy-gencatlg
942 _2lcc
_cMONOGRAPH
999 _c119593
_d119593